Normal view
MARC view
- Saqib Haleem
Entry Personal Name
001 - CONTROL NUMBER
- control field: 98319
003 - CONTROL NUMBER IDENTIFIER
- control field: NUST
005 - DATE AND TIME OF LATEST TRANSACTION
- control field: 20220822143305.0
008 - FIXED-LENGTH DATA ELEMENTS
- fixed length control field: 220822|| aca||aabn | a|a d
040 ## - CATALOGING SOURCE
- Original cataloging agency: NUST
- Transcribing agency: NUST
100 ## - HEADING--PERSONAL NAME
- Personal name: Saqib Haleem
670 ## - SOURCE DATA FOUND
- Source citation: Work cat.: (NUST)13183: Saqib Haleem, Adaptive quality of service(QoS) using open flow
